000 00825nam a2200181Ia 4500
008 100921s9999 xx 000 0 und d
082 _b25255
_a808.068 थ 91
100 _aहिवराळे सुखराम.
245 _aप्रकाश सावली सावित्रीबाई फुले.
260 _bप्रचार प्रकाशन, कोल्हापूर.
_c1991
300 _a18
_bरसिक साहित्य,पुणे
365 _b5
520 _aललित-बालवाङ्रमय.
630 _aप्रकाश सावली सावित्रीबाई फुले.
650 _aललित-बालवाङ्रमय.
730 _aप्रकाश सावली सावित्रीबाई फुले.
942 _cBOOK
999 _c774368
_d774365